[Event "Memorial M.Najdorf (open)"]
[Site "Grodzisk Mazowiecki (Poland)"]
[Date "2007.07.20"]
[Round "1"]
[White "Stoma Pawel (POL)"]
[Black "Grabarczyk Miroslaw (POL)"]
[Result "1/2-1/2"]
[WhiteElo "2233"]
[BlackElo "2482"]
[PlyCount "126"]
[EventDate "2007.??.??"]
[Source "www.chesslib.no"]
[SourceDate "2004.05.04"]

1. e4 e5 2. Nf3 Nc6 3. Bb5 Nf6 4. d3 d6 5. c3 a6 6. Ba4 g6 7. Nbd2 Bg7 8. Nf1 O-O 9. Ng3 b5 10. Bc2 Nb8 11. O-O Nbd7 12. a4 Bb7 13. Ng5 d5 14. f4 exf4 15. Bxf4 dxe4 16. N5xe4 Nd5 17. Bg5 f6 18. Bd2 f5 19. Ng5 Qf6 20. Bb3 Kh8 21. d4 h6 22. Nh3 c5 23. Qf3 Qc6 24. Bxd5 Qxd5 25. Nf4 Qxf3 26. Nxg6+ Kg8 27. gxf3 Rf7 28. Nxf5 cxd4 29. cxd4 Kh7 30. Ngh4 Raf8 31. axb5 a5 32. Nxg7 Rxg7+ 33. Kh1 Rg4 34. Be1 Rxd4 35. Rxa5 Ne5 36. Ra7 Rf7 37. Bg3 Nc4 38. b3 Nd2 39. Rc1 Nxf3 40. Rxb7 Rxb7 41. Nxf3 Rd3 42. Kg2 Rxb5 43. Rc7+ Kg8 44. Rc8+ Kh7 45. Rc7+ Kg8 46. Ne5 Rdxb3 47. Ng4 Rb6 48. Be5 Rg6 49. h3 h5 50. Rc8+ Kf7 51. Rc7+ Ke8 52. Rc8+ Kd7 53. Rc7+ Kd8 54. Rg7 Rxg7 55. Bxg7 hxg4 56. hxg4 Ke7 57. g5 Ke6 58. Bf6 Kf5 59. Kf2 Ra3 60. Ke2 Rh3 61. Kd2 Rg3 62. Kc2 Ke4 63. Kd2 Kd5 1/2-1/2

[Event "COL-ch34"]
[Site "Bogota COL"]
[Date "1986.??.??"]
[Round "1"]
[White "Acosta, Alejandro COL"]
[Black "Castro, Oscar H"]
[Result "1-0"]
[WhiteElo "2295"]
[BlackElo "2415"]
[PlyCount "89"]
[EventDate "1986.??.??"]
[Source "www.chesslib.no"]
[SourceDate "2004.05.04"]

1. e4 e5 2. Nf3 Nc6 3. Bb5 a6 4. Ba4 Nf6 5. d4 Nxe4 6. Qe2 f5 7. d5 Na5 8. Nxe5 Qe7 9. Nd3 Nf6 10. b4 Nc4 11. Bb3 Qxe2+ 12. Kxe2 b5 13. a4 Nb6 14. axb5 Nbxd5 15. Re1 Bb7 16. Kf1+ Kd8 17. Ne5 Kc8 18. c4 Bxb4 19. Bd2 Bxd2 20. Nxd2 Nf4 21. f3 Ne6 22. bxa6 Rxa6 23. Rxa6 Bxa6 24. Ra1 Nc5 25. Bc2 g6 26. Nb3 Nxb3 27. Rxa6 Re8 28. Ra8+ Kb7 29. Rxe8 Nd2+ 30. Ke2 Nxe8 31. Kxd2 d6 32. Ba4 Ng7 33. Nd3 c6 34. Nb4 c5 35. Nd5 Kc8 36. Ke3 Kd8 37. h4 Ne6 38. g4 Ng7 39. g5 Ne6 40. Nf6 Nf8 41. Bc6 Ke7 42. Bd5 h5 43. Kd3 Kd8 44. Kc3 Ke7 45. f4 1-0

[Event "AUT-chT2S 9899"]
[Site "Austria"]
[Date "1999.03.06"]
[Round "7.4"]
[White "Cigan, Stefan"]
[Black "Kaspret, Guido"]
[Result "1/2-1/2"]
[WhiteElo "2375"]
[BlackElo "2335"]
[PlyCount "31"]
[EventDate "1998.10.??"]
[Source "www.chesslib.no"]
[SourceDate "2004.05.04"]

1. e4 e5 2. Nf3 Nc6 3. Bb5 a6 4. Ba4 Nf6 5. d4 Nxe4 6. Qe2 b5 7. d5 Nc5 8. dxc6 Nxa4 9. Nxe5 Bb4+ 10. c3 Be7 11. cxd7+ Bxd7 12. O-O O-O 13. Nd2 Bd6 14. Nxd7 Qxd7 15. Nf3 Rfe8 16. Qc2 1/2-1/2

[Event "ITT Jaque Mate LXVII"]
[Site "ITT Jaque Mate LXVII"]
[Date "1995.??.??"]
[Round "6"]
[White "Roselli Mailhe, Bernardo"]
[Black "Caputo, Juan"]
[Result "1-0"]
[WhiteElo "2425"]
[BlackElo "2280"]
[PlyCount "85"]
[EventDate "1995.??.??"]
[Source "www.chesslib.no"]
[SourceDate "2004.05.04"]

1. e4 e5 2. Nf3 Nc6 3. Bb5 Nf6 4. d3 d6 5. c3 a6 6. Ba4 Bd7 7. Nbd2 Be7 8. Nf1 O-O 9. Ng3 Re8 10. O-O Bf8 11. h3 g6 12. Bc2 Bg7 13. Be3 Qe7 14. d4 h6 15. Qd2 Kh7 16. d5 Nd8 17. Nh2 Rf8 18. f4 exf4 19. Bxf4 Ng8 20. Nf3 Be5 21. Rae1 f6 22. h4 Qg7 23. Rf2 Nf7 24. Nd4 Rae8 25. h5 gxh5 26. Nxh5 Qg6 27. Ng3 Ne7 28. Bd1 Bg4 29. Bxg4 Qxg4 30. Qe2 Qg6 31. Bxe5 Nxe5 32. Nh5 Rf7 33. Ne6 Rg8 34. Ref1 f5 35. exf5 Rxf5 36. Rxf5 Nxf5 37. Qe4 Qxh5 38. Rxf5 Qg6 39. Nf4 Nf3+ 40. Kh1 Ng5 41. Rf7+ Nxf7 42. Nxg6 Rxg6 43. Qe7 1-0

[Event "Odessa"]
[Site "Odessa UKR"]
[Date "1976.??.??"]
[Round "5"]
[White "Silva, Fernando"]
[Black "Balinas, Rosendo C"]
[Result "1/2-1/2"]
[WhiteElo "2340"]
[BlackElo "2365"]
[PlyCount "25"]
[EventDate "1976.08.??"]
[Source "www.chesslib.no"]
[SourceDate "2004.05.04"]

1. e4 e5 2. Nf3 Nc6 3. Bb5 a6 4. Ba4 Nf6 5. d4 Nxd4 6. Nxd4 exd4 7. e5 Ne4 8. Qxd4 Nc5 9. O-O Be7 10. Nc3 O-O 11. Bb3 Nxb3 12. axb3 d6 13. exd6 1/2-1/2

[Event "Sitges Open"]
[Site "Sitges"]
[Date "1992.??.??"]
[Round "3"]
[White "Kuijf, Marinus N"]
[Black "Arbouche, Muhamed"]
[Result "1-0"]
[WhiteElo "2440"]
[BlackElo "2260"]
[PlyCount "51"]
[EventDate "1992.??.??"]
[Source "www.chesslib.no"]
[SourceDate "2004.05.04"]

1. e4 e5 2. Nf3 Nc6 3. Bb5 a6 4. Ba4 Nf6 5. d4 Nxd4 6. Nxd4 exd4 7. e5 Nd5 8. Bb3 c6 9. O-O Nc7 10. Qxd4 d5 11. exd6 Qxd6 12. Re1+ Be6 13. Qe4 Qb4 14. Qe2 Bd6 15. c4 O-O 16. Bd2 Qc5 17. Nc3 Qf5 18. Ne4 Bf4 19. Bc3 Rfe8 20. Rad1 Rad8 21. Rxd8 Rxd8 22. Bc2 Qg4 23. Qxg4 Bxg4 24. g3 f5 25. gxf4 fxe4 26. Bxe4 1-0

[Event "Open"]
[Site "?"]
[Date "2001.??.??"]
[Round "?"]
[White "Tukhaev Adam"]
[Black "Varavin Viktor"]
[Result "0-1"]
[WhiteElo "2245"]
[BlackElo "2445"]
[PlyCount "124"]
[EventDate "2001.??.??"]
[Source "www.chesslib.no"]
[SourceDate "2004.05.04"]

1. e4 e5 2. Nf3 Nc6 3. Bb5 a6 4. Ba4 Nf6 5. d4 exd4 6. O-O b5 7. Bb3 Be7 8. e5 Ng4 9. Bf4 h5 10. Bd5 Rb8 11. Nxd4 Ncxe5 12. f3 g5 13. fxg4 gxf4 14. Rxf4 hxg4 15. Qe2 f6 16. Nc3 c6 17. Nf5 d6 18. Be4 d5 19. Rd1 Qc7 20. Nxe7 Qxe7 21. Bd3 Rb7 22. Rdf1 Rf8 23. Qf2 Qd6 24. Rxf6 Rxf6 25. Qxf6 Qxf6 26. Rxf6 Rg7 27. Ne2 Ke7 28. Rf4 c5 29. Kf2 Rg5 30. Ng3 Be6 31. Ke2 Nxd3 32. Kxd3 Re5 33. Kd2 b4 34. Rf2 a5 35. Ne2 Rh5 36. g3 Rf5 37. Nf4 Kd6 38. h4 gxh3 39. Nxh3 Rh5 40. Nf4 Rh1 41. Nxe6 Kxe6 42. Re2+ Kf5 43. a4 Rg1 44. Re3 c4 45. Rf3+ Ke5 46. Re3+ Kd4 47. c3+ Kc5 48. Re8 Rg2+ 49. Kc1 Rxg3 50. Rc8+ Kd6 51. cxb4 axb4 52. a5 Rg1+ 53. Kc2 Ra1 54. Ra8 Kc5 55. a6 b3+ 56. Kd2 Kd4 57. Ra7 Ra2 58. Kc1 Kd3 59. Kb1 d4 60. Ra8 Ra5 61. Re8 Rxa6 62. Re1 Rf6 0-1

[Event "Independence Cup op"]
[Site "?"]
[Date "1999.??.??"]
[Round "?"]
[White "Taborov Boris"]
[Black "Mazurok Alexey"]
[Result "1/2-1/2"]
[WhiteElo "2425"]
[BlackElo "2263"]
[PlyCount "96"]
[EventDate "1999.??.??"]
[Source "www.chesslib.no"]
[SourceDate "2004.05.04"]

1. e4 e5 2. Nf3 Nc6 3. Bb5 Nf6 4. d3 d6 5. c3 g6 6. Nbd2 Bg7 7. O-O O-O 8. Re1 a6 9. Ba4 b5 10. Bb3 Bb7 11. d4 Re8 12. Bc2 Nb8 13. a4 Nbd7 14. Bd3 c6 15. h3 Qb6 16. Nf1 d5 17. dxe5 Nxe4 18. Bxe4 dxe4 19. Qxd7 Rad8 20. Qg4 exf3 21. Qxf3 Rxe5 22. Bf4 Rxe1 23. Rxe1 c5 24. Qg3 Qc6 25. axb5 Qxb5 26. Bc1 Re8 27. Rxe8+ Qxe8 28. Qc7 Qc8 29. Qb6 Bf8 30. Be3 Qc6 31. Qxc6 Bxc6 32. Nd2 f5 33. f3 Kf7 34. Kf2 Ke6 35. Ke2 c4 36. Bb6 Kd5 37. Nf1 Bh6 38. Ne3+ Bxe3 39. Kxe3 Ba4 40. Kf4 Ke6 41. Kg5 Kf7 42. h4 h5 43. Bd4 Bd1 44. Kf4 Ke6 45. Kg5 Kf7 46. Kf4 Ke6 47. Kg5 Kf7 48. Kf4 Ke6 1/2-1/2

[Event "Moscow-ch"]
[Site "Moscow"]
[Date "1999.??.??"]
[Round "9"]
[White "Vdovin, Dmitry"]
[Black "Zhidkov, Valery S"]
[Result "1/2-1/2"]
[WhiteElo "2292"]
[BlackElo "2395"]
[PlyCount "27"]
[EventDate "1999.??.??"]
[Source "www.chesslib.no"]
[SourceDate "2004.05.04"]

1. e4 e5 2. Nf3 Nc6 3. Bb5 a6 4. Ba4 Nf6 5. d4 Nxd4 6. Nxd4 exd4 7. e5 Ne4 8. Qxd4 Nc5 9. O-O Be7 10. Nc3 O-O 11. Be3 d6 12. Rad1 Nxa4 13. Qxa4 Bd7 14. Qd4 1/2-1/2

[Event "RUS-ch54 sf Siberia"]
[Site "Novosibirsk"]
[Date "2001.04.19"]
[Round "2"]
[White "Zaitsev, Vadim"]
[Black "Kirillov, Pavel"]
[Result "1-0"]
[WhiteElo "2426"]
[BlackElo "2247"]
[PlyCount "114"]
[EventDate "2001.04.19"]
[Source "ChessBase"]
[SourceDate "2001.07.03"]

1. e4 e5 2. Nf3 Nc6 3. Bb5 a6 4. Ba4 Nf6 5. d4 b5 6. Bb3 Nxe4 7. dxe5 Nc5 8. Bd5 Bb7 9. O-O Be7 10. Nc3 O-O 11. Bf4 Ne6 12. Bg3 Kh8 13. Ne4 Nc5 14. Nxc5 Bxc5 15. Nd2 Na5 16. Ne4 Be7 17. Bxb7 Nxb7 18. Qd5 c6 19. Qd4 f5 20. exf6 Bxf6 21. Nxf6 Qxf6 22. Be5 Qf7 23. Qb6 d6 24. Bg3 Qd7 25. Rfd1 d5 26. Qc7 Qxc7 27. Bxc7 Rfe8 28. Re1 Kg8 29. b4 Kf7 30. Be5 a5 31. c3 Re6 32. f4 Rae8 33. a4 bxa4 34. Rxa4 axb4 35. Rb1 c5 36. cxb4 c4 37. Rd1 Rd8 38. b5 Re7 39. b6 Rdd7 40. Ra7 Nc5 41. Rc7 Na6 42. Rc8 Re6 43. b7 Rxb7 44. Rxd5 Nb4 45. Rd1 Nd3 46. Bc3 Re4 47. f5 Rbe7 48. Rh8 Nf4 49. Bb4 c3 50. Bxe7 c2 51. Ra1 Ne2+ 52. Kf2 Rxe7 53. Rc8 c1=Q 54. Raxc1 Nxc1 55. Rxc1 Kf6 56. g4 h5 57. h3 Kg5 1-0

[Event "URS Team Ch"]
[Site "Podolsk RUS"]
[Date "1990.??.??"]
[Round "?"]
[White "Shliahtin, I E."]
[Black "Sagalchik, Gennadij"]
[Result "0-1"]
[WhiteElo "2310"]
[BlackElo "2360"]
[PlyCount "102"]
[EventDate "1990.??.??"]
[Source "www.chesslib.no"]
[SourceDate "2004.05.04"]

1. e4 e5 2. Nf3 Nc6 3. Bb5 a6 4. Ba4 d6 5. c3 g6 6. d3 Nf6 7. O-O Bg7 8. Re1 O-O 9. Nbd2 Nd7 10. Nf1 Nc5 11. Bc2 Ne6 12. Ne3 Kh8 13. h3 f5 14. exf5 gxf5 15. d4 e4 16. d5 exf3 17. dxe6 Bxe6 18. Qxf3 Ne5 19. Qh5 Bf7 20. Qd1 f4 21. Ng4 Bh5 22. f3 Qh4 23. Bd2 Rae8 24. Re4 Bg6 25. Be1 Qe7 26. Rb4 c5 27. Bxg6 Nxg6 28. Re4 Qd7 29. Qd5 Rxe4 30. Qxe4 d5 31. Qd3 c4 32. Qd2 d4 33. cxd4 Qxd4+ 34. Qxd4 Bxd4+ 35. Bf2 Bxb2 36. Rb1 Bg7 37. Rxb7 Rc8 38. Rxg7 Kxg7 39. Bd4+ Kf7 40. Bc3 Rb8 41. Kf2 Rb1 42. Ke2 Rc1 43. Kd2 Rg1 44. Bd4 Rxg2+ 45. Nf2 Nh4 46. Ke2 Ke6 47. Bc3 Nxf3 48. Kxf3 Rg3+ 49. Kxf4 Rxc3 50. Ne4 Ra3 51. h4 Rxa2 0-1

[Event "St Ingbert Open"]
[Site "St Ingbert"]
[Date "1993.??.??"]
[Round "7"]
[White "Ristic, Nenad"]
[Black "Moehrmann, Marcus"]
[Result "1/2-1/2"]
[WhiteElo "2400"]
[BlackElo "2265"]
[PlyCount "25"]
[EventDate "1993.08.21"]
[Source "www.chesslib.no"]
[SourceDate "2004.05.04"]

1. e4 e5 2. Nf3 Nc6 3. Bb5 a6 4. Ba4 Nf6 5. d4 Nxe4 6. Qe2 b5 7. d5 Nc5 8. Bb3 Na5 9. Nxe5 Qe7 10. d6 cxd6 11. Bxf7+ Kd8 12. Bd5 Bb7 13. Bxb7 1/2-1/2

[Event "Capablanca mem Mixto"]
[Site "Varadero"]
[Date "2000.05.10"]
[Round "4"]
[White "Calzetta Ruiz, Monica"]
[Black "Valdes, Luis E"]
[Result "0-1"]
[WhiteElo "2267"]
[BlackElo "2397"]
[PlyCount "46"]
[EventDate "2000.05.07"]
[Source "ChessBase"]
[SourceDate "2000.07.11"]

1. e4 e5 2. Nf3 Nc6 3. Bb5 a6 4. Ba4 d6 5. c3 Nf6 6. d3 Bd7 7. Nbd2 g6 8. Nf1 Bg7 9. h3 Nh5 10. Ne3 Nf4 11. O-O O-O 12. Kh2 f5 13. exf5 gxf5 14. g3 Ng6 15. Nd5 f4 16. gxf4 exf4 17. d4 Kh8 18. Rg1 Bh6 19. Bc2 Bf5 20. Bd2 Qd7 21. Ng5 f3 22. Nxf3 Bxc2 23. Qxc2 Rxf3 0-1

[Event "HUN Team Ch 9394"]
[Site "HUN"]
[Date "1994.??.??"]
[Round "?"]
[White "Fusthy, Zsolt"]
[Black "Kovacs, Laszlo M"]
[Result "0-1"]
[WhiteElo "2305"]
[BlackElo "2340"]
[PlyCount "56"]
[EventDate "1993.??.??"]
[Source "www.chesslib.no"]
[SourceDate "2004.05.04"]

1. e4 e5 2. Nf3 Nc6 3. Bb5 a6 4. Ba4 Nf6 5. d4 exd4 6. O-O b5 7. Bb3 Be7 8. e5 Ne4 9. Nxd4 Nxd4 10. Qxd4 Bb7 11. Bd5 Bxd5 12. Qxd5 f5 13. Nc3 c6 14. Qd3 Nxc3 15. bxc3 O-O 16. Rd1 Ra7 17. Be3 Rb7 18. a4 f4 19. Bd4 d5 20. exd6 Qxd6 21. axb5 axb5 22. Qf3 Qg6 23. Ra6 Rc7 24. Be5 Rcc8 25. Ra7 Qe6 26. Rdd7 Ra8 27. Qe2 Rxa7 28. Rxa7 Rf5 0-1

[Event "Thessaloniki ol (Men)"]
[Site "Thessaloniki GRE"]
[Date "1988.??.??"]
[Round "?"]
[White "Reyes, Juan"]
[Black "Santamaria, Vicens"]
[Result "1-0"]
[WhiteElo "2430"]
[BlackElo "2215"]
[PlyCount "35"]
[EventDate "1988.11.??"]
[Source "www.chesslib.no"]
[SourceDate "2004.05.04"]

1. e4 e5 2. Nf3 Nc6 3. Bb5 a6 4. Ba4 Nf6 5. d4 exd4 6. O-O b5 7. Bb3 Be7 8. e5 Ne4 9. Bd5 Nc5 10. Nxd4 Nxd4 11. Bxa8 c6 12. Qxd4 Qc7 13. Qg4 O-O 14. Bg5 d6 15. Qh4 Bxg5 16. Qxg5 Bd7 17. Qe7 Rxa8 18. exd6 1-0

[Event "Jakarta"]
[Site "Jakarta INA"]
[Date "1978.??.??"]
[Round "?"]
[White "Suradiradja, Herman"]
[Black "Sampouw, Jacobus S"]
[Result "1-0"]
[WhiteElo "2330"]
[BlackElo "2315"]
[PlyCount "93"]
[EventDate "1978.05.??"]
[Source "www.chesslib.no"]
[SourceDate "2004.05.04"]

1. e4 e5 2. Nf3 Nc6 3. Bb5 a6 4. Ba4 Nf6 5. d4 Nxe4 6. Qe2 d5 7. Nxe5 Be6 8. c4 Bb4+ 9. Kf1 O-O 10. Bxc6 bxc6 11. Nxc6 Qd6 12. Nxb4 Qxb4 13. f3 Nd6 14. b3 dxc4 15. Ba3 Qb7 16. Bxd6 cxd6 17. Nd2 cxb3 18. axb3 Rfe8 19. Qd3 Bd7 20. Kf2 Bb5 21. Nc4 Qe7 22. Qd2 Qh4+ 23. g3 Qh3 24. d5 Re7 25. Rae1 Rxe1 26. Qxe1 Re8 27. Qd2 h6 28. Qf4 Bxc4 29. Qxc4 Rc8 30. Qd3 a5 31. g4 g6 32. Qd2 Rc5 33. Qd3 h5 34. gxh5 Qxh5 35. Qe4 Rxd5 36. h4 Rd2+ 37. Kg3 Qc5 38. Rf1 Rd4 39. Qe8+ Kg7 40. Qe7 Qf5 41. Qg5 Qd3 42. Re1 Qxb3 43. h5 Qc3 44. Re7 Qd3 45. h6+ Kf8 46. h7 Kg7 47. h8=Q+ 1-0

[Event "Politiken Cup"]
[Site "Copenhagen DEN"]
[Date "1982.??.??"]
[Round "7"]
[White "Cramling, Pia"]
[Black "Iskov, Gert"]
[Result "0-1"]
[WhiteElo "2260"]
[BlackElo "2380"]
[PlyCount "53"]
[EventDate "1982.06.??"]
[Source "www.chesslib.no"]
[SourceDate "2004.05.04"]

1. e4 e5 2. Nf3 Nc6 3. Bb5 a6 4. Ba4 Nf6 5. d4 Nxd4 6. Nxd4 exd4 7. O-O b5 8. Bb3 d6 9. c3 dxc3 10. Nxc3 Be7 11. a4 Rb8 12. axb5 axb5 13. Be3 Bd7 14. Ra7 O-O 15. Bd4 Ra8 16. Qa1 Qb8 17. Qa2 Rxa7 18. Bxa7 Qb7 19. Bd5 c6 20. Bb3 c5 21. Ra1 c4 22. Bd1 Bc6 23. Qa6 b4 24. Qxb7 Bxb7 25. Na2 b3 26. Nc3 Nxe4 27. Bf3 0-1

[Event "Bayern-chA"]
[Site "Bad Neustadt"]
[Date "1992.??.??"]
[Round "9"]
[White "Doeres, Hans-Juergen"]
[Black "Renner, Christoph"]
[Result "0-1"]
[WhiteElo "2250"]
[BlackElo "2385"]
[PlyCount "110"]
[EventDate "1992.??.??"]
[Source "www.chesslib.no"]
[SourceDate "2004.05.04"]

1. e4 e5 2. Nf3 Nc6 3. Bb5 a6 4. Ba4 Nf6 5. d4 exd4 6. e5 Ne4 7. O-O Nc5 8. Bxc6 dxc6 9. Qxd4 Bf5 10. Bg5 Be7 11. Bxe7 Qxe7 12. Na3 h6 13. Rad1 O-O 14. Qe3 Rfe8 15. Rfe1 a5 16. Nd4 Bh7 17. c3 Rad8 18. f4 Nd3 19. Rxd3 Bxd3 20. Qxd3 c5 21. Rd1 cxd4 22. cxd4 Qb4 23. Qc3 Rd5 24. Nc2 Qxc3 25. bxc3 Rb5 26. Rd2 Rb2 27. a3 f6 28. Kf2 c5 29. Ke3 fxe5 30. fxe5 Rb3 31. Ke4 Rxc3 32. d5 Rc4+ 33. Kd3 b5 34. e6 Kf8 35. Rf2+ Ke7 36. Rf7+ Kd6 37. Rd7+ Ke5 38. e7 Rg4 39. Ne3 Rd4+ 40. Ke2 a4 41. Kf3 Rd3 42. Ke2 Rd4 43. Kf3 c4 44. Ng4+ Rxg4 45. Kxg4 c3 46. d6 c2 47. Rc7 Kxd6 48. Rxc2 Rxe7 49. Kf4 Kd5 50. Rc8 Re2 51. Rd8+ Kc4 52. Rc8+ Kb3 53. Rc5 b4 54. axb4 a3 55. Kf3 Re1 0-1